<?xml version="1.0" encoding="UTF-8"?>
<collection xmlns="http://www.loc.gov/MARC21/slim">
<record>
  <controlfield tag="001">162785</controlfield>
  <controlfield tag="005">20251017144631.0</controlfield>
  <datafield tag="024" ind1="7" ind2=" ">
    <subfield code="2">doi</subfield>
    <subfield code="a">10.6018/analesps.640401</subfield>
  </datafield>
  <datafield tag="024" ind1="8" ind2=" ">
    <subfield code="2">sideral</subfield>
    <subfield code="a">145253</subfield>
  </datafield>
  <datafield tag="037" ind1=" " ind2=" ">
    <subfield code="a">ART-2025-145253</subfield>
  </datafield>
  <datafield tag="041" ind1=" " ind2=" ">
    <subfield code="a">spa</subfield>
  </datafield>
  <datafield tag="100" ind1=" " ind2=" ">
    <subfield code="a">Perez Segoviano, Luz Elvira</subfield>
  </datafield>
  <datafield tag="245" ind1=" " ind2=" ">
    <subfield code="a">Eficacia de un programa de intervención con mindfulness sobre diferentes indicadores de estrés y ansiedad en estudiantes de primaria de 9 a 12 años</subfield>
  </datafield>
  <datafield tag="260" ind1=" " ind2=" ">
    <subfield code="c">2025</subfield>
  </datafield>
  <datafield tag="506" ind1="0" ind2=" ">
    <subfield code="a">Access copy available to the general public</subfield>
    <subfield code="f">Unrestricted</subfield>
  </datafield>
  <datafield tag="520" ind1="3" ind2=" ">
    <subfield code="a">Introducción: La infancia tardía o preadolescencia es un periodo importante del desarrollo de las personas en el que se pueden presentar altos niveles de ansiedad y estrés debido a los cambios físicos y psicológicos experimentados. Sin embargo, la eficacia de intervenciones como el mindfulness en la reducción el estrés y la ansiedad en estas edades ha sido poco examinado. El objetivo de este estudio fue evaluar la eficacia de un programa de intervención con mindfulness sobre diferentes indicadores de estrés y ansiedad en estudiantes de primaria de 9 a 12 años, pertenecientes a una escuela de primaria pública. Método: 125 niños fueron evaluados en estrés (IIEC), arousal (calma-activación-SAM) y en cortisol en saliva cortisol, antes, durante y después de la intervención con mindfulness (14 sesiones in 5 semanas, tres sesiones por semana, 40 minutos por sesión). Sesenta y tres niños participaron en el grupo intervención y sesenta y dos niños en el grupo control (lista de espera). Resultados: Después de la intervención se observó una disminución significativa de los niveles de estrés percibido en la escuela, arousal y cortisol en saliva. Conclusiones: el mindfulness parece una herramienta adecuada para disminuir el estrés percibido, específicamente en el área escolar, ya que además de disminuir la percepción en arousal, reduce los niveles de cortisol después de un mes de la intervención.</subfield>
  </datafield>
  <datafield tag="540" ind1=" " ind2=" ">
    <subfield code="9">info:eu-repo/semantics/openAccess</subfield>
    <subfield code="a">by</subfield>
    <subfield code="u">https://creativecommons.org/licenses/by/4.0/deed.es</subfield>
  </datafield>
  <datafield tag="655" ind1=" " ind2="4">
    <subfield code="a">info:eu-repo/semantics/article</subfield>
    <subfield code="v">info:eu-repo/semantics/publishedVersion</subfield>
  </datafield>
  <datafield tag="700" ind1=" " ind2=" ">
    <subfield code="a">Aguilar-Zavala, Herlindaq</subfield>
  </datafield>
  <datafield tag="700" ind1=" " ind2=" ">
    <subfield code="a">Hidalgo, Vanesa</subfield>
    <subfield code="u">Universidad de Zaragoza</subfield>
    <subfield code="0">(orcid)0000-0003-3920-1099</subfield>
  </datafield>
  <datafield tag="700" ind1=" " ind2=" ">
    <subfield code="a">Villada, Carolina</subfield>
  </datafield>
  <datafield tag="710" ind1="2" ind2=" ">
    <subfield code="1">4009</subfield>
    <subfield code="2">725</subfield>
    <subfield code="a">Universidad de Zaragoza</subfield>
    <subfield code="b">Dpto. Psicología y Sociología</subfield>
    <subfield code="c">Área Psicobiología</subfield>
  </datafield>
  <datafield tag="773" ind1=" " ind2=" ">
    <subfield code="g">41, 3 (2025), 371-380</subfield>
    <subfield code="p">An. psicol.</subfield>
    <subfield code="t">Anales de psicología</subfield>
    <subfield code="x">0212-9728</subfield>
  </datafield>
  <datafield tag="856" ind1="4" ind2=" ">
    <subfield code="s">503398</subfield>
    <subfield code="u">http://zaguan.unizar.es/record/162785/files/texto_completo.pdf</subfield>
    <subfield code="y">Versión publicada</subfield>
  </datafield>
  <datafield tag="856" ind1="4" ind2=" ">
    <subfield code="s">3236987</subfield>
    <subfield code="u">http://zaguan.unizar.es/record/162785/files/texto_completo.jpg?subformat=icon</subfield>
    <subfield code="x">icon</subfield>
    <subfield code="y">Versión publicada</subfield>
  </datafield>
  <datafield tag="909" ind1="C" ind2="O">
    <subfield code="o">oai:zaguan.unizar.es:162785</subfield>
    <subfield code="p">articulos</subfield>
    <subfield code="p">driver</subfield>
  </datafield>
  <datafield tag="951" ind1=" " ind2=" ">
    <subfield code="a">2025-10-17-14:26:27</subfield>
  </datafield>
  <datafield tag="980" ind1=" " ind2=" ">
    <subfield code="a">ARTICLE</subfield>
  </datafield>
</record>
</collection>